1139 1474 1860 1647 1501 1918 1626 1437 1189 1394 1981 1628 1856 1413 1739 1416 1980 1679 1501 1687 1613 1381 1481 1614 1509 1649 1569 1881 1219 1647 1485 1836 1953 1303 1842 1456 1594 1693 1657 1746 1314 1655 1672 1309 1830 1849 1019 1779 1200 1426 1071 1496 1720 1740 1496 1541 1881 1695 1732 1443 1961 1876 1977 1952 1736 1218 1259 1472 1905 1355 1698 1212 1092 1131 1911 1385 1866 1851 1915 1019 1179 1458 1953 1416 1142 1257 1667 1420 1376 1583 1124 1158 1229 1834 1811 1795 1090 1428 1183 BCNSPRNW ULIB Ver.6.0+V

เปลี่ยนเป็นภาษาไทย

Change to English
 แสดงรายละเอียดบรรณานุกรม
  กลับหน้าหลัก

Brief Record : Get Marc (ISO 2709) : E-mail record : QR code < ปิดหน้าต่าง
LEADER : 00000nam 2200000uu 4500
001    13399128049
003     ULIB
008    220128s2563||||th 000 0 tha d
020    ^a9786163884589
050    ^aนว.^bจ-ส
100    ^aจุฬามณี
245    ^aสิรินนารี
250    ^aพิมพ์ครั้งที่ 1
260    ^aกรุงเทพฯ :^bแสงดาว,^c2563
300    ^a656 หน้า;^b21 ซม.
650    ^aนวนิยาย
945    ^p600^l0^i29194
999    ^aกัณชพร จุลอักษร
รายการนี้ยังไม่มีแท็ก
คุณยังไม่ได้ล็อกอิน คุณสามารถมีกิจกรรมร่วมกับเว็บไซต์ได้ แต่ต้องล็อกอินก่อน ::
  ล็อกอิน

รายการสื่อสารสนเทศ

ลำดับที่ ประเภท เลขเรียก/บาร์โค้ด สถานที่ สถานะ
1. วิทยาศาสตร์การแพทย์ และสุขภาพ
วิทยาศาสตร์การแพทย์ และสุขภาพ
นว. จ-ส ฉ.1 
  Barcode: 29194
ห้องสมุดวิทยาเขตนครสวรรค์
►นวนิยาย:l:Fiction
บนชั้น

รายการใกล้เคียง
    ชื่อเรื่อง [สิรินนารี]

    ผู้แต่ง [จุฬามณี]

    หัวเรื่อง [นวนิยาย]

BibComment


ยังไม่เคยถูกคอมเมนท์

คอมเมนท์ทรัพยากรรายการนี้
  คอมเมนท์: สิรินนารี


 Copyright 2026. Bcnsprnw @Library